Responses for Show #3434 - Thursday, July 8, 1999

Contestants

[<< previous game]

Terry Anderson, a production assistant from Los Angeles, California

Suzy Fletcher, a homemaker from Newport Beach, California

Paul Risner, a lawyer from Sarasota, Florida (whose 1-day cash winnings total $9,800)

[next game >>]

Jeopardy! Round responses

OPERA
KNOWN BY THEIR INITIALS
BILL TO LAW
HILLARY & JACKIE
(Alex: We're talking about the first ladies here, not the film.)
SPORTS 1998
THE FORGOTTEN MARX BROTHERS
    $100 6
Don Quixote

Terry
    $100 1
k.d. lang

Terry
    $100 21
Clerk

Paul
    $100 11
Rodham & Bouvier

Suzy
    $100 26
(Alex: Less than a minute to go.)

Mike Tyson

Terry
    $100 16
Tango

Suzy
    $200 7
Richard Wagner

Paul
    $200 2
L.L. Bean

Suzy
    $200 22
Committee

Terry
    $200 12
(Suzy: What is a reporter?)

a photographer

Suzy
Triple Stumper
    $200 27
Soccer

Suzy
    $200 17
(Alex: One of the most famous forgotten Marx Brothers!)

Wino

Terry
    $300 8
(Paul: What is Salome?)

Aida

PaulSuzy
    $300 3
H.L. Mencken

Suzy
    $300 23
Roll call

Terry
    $300 13
Caroline

Paul
    $300 28
"Rhapsody in Blue"

Suzy
    $300 18
Klepto

Suzy
    $400 9
W.A. Mozart

Suzy
    $400 4
Y.A. Tittle

Paul
    $400 24
2/3

Terry
    $400 14
(Suzy: What is Yale?)

Wellesley

SuzyTerry
    $400 29
[The end-of-round signal sounds.]

the Harlem Globetrotters

Terry
    $400 19
Sterno

Terry
    $500 10
"The Clowns"

Triple Stumper
    $500 5
W.E.B. Du Bois

Terry
    $500 25
10

Paul
    $500 15
(Paul: What is Scribner's?)

Doubleday

Paul
Triple Stumper
    $500 20
Gonzo

Terry

Scores at the first commercial break (after clue 15):

Paul Suzy Terry
$100 $700 $1,100

Scores at the end of the Jeopardy! Round:

Paul Suzy Terry
$700 $1,600 $3,600

Double Jeopardy! Round responses

MONGOLIA
THE DIRECTOR'S CHAIR
ASTRONOMERS
SAVE THE PRINCE OF WALES
1900
BE MY "PAL"
    $200 3
Goats

Suzy
    $200 8
Woody Allen

Paul
    $200 1
Moon

Paul
    $200 21
(Terry: What is field hockey?)
(Suzy: What is rowing?)

polo

PaulSuzyTerry
    $200 16
Sigmund Freud

Terry
    $200 26
Palestine

Suzy
    $400 4
Truth

Terry
    $400 9
George Lucas

Terry
    $400 2
Edmond Halley

Suzy
    $400 22
Camilla Parker Bowles

Terry
    $400 17
Ferdinand von Zeppelin

Terry
    $400 30
Palate

Paul
    $600 5
(Paul: What is "The Big Tent"?)

"Contract with Mongolia"

Paul
Triple Stumper
    $600 10
Paul Verhoeven

Terry
    $600 13
Galaxy

Paul
    $600 23
Royal Shakespeare Company

Terry
    $600 18
Boers

Terry
    $600 27
Palette

Paul
    $800 6
Genghis Khan

Suzy
    $800 11
Sam Raimi

Terry
    $800 14
Nicolaus Copernicus

Terry
    $1,500 24
Britannia

Terry
    $800 19
Tennis

Paul
    $800 28
Palisade

Paul
    $1000 7
Shaman

Terry
    $1000 12
Terrence Malick

Paul
    $1000 15
Pulsar

Paul
    $1000 25
(Alex: We have a minute to go.)

Cornwall

Suzy
    $900 20
William Jennings Bryan

Paul
    $1000 29
Paladins

Terry

Scores at the end of the Double Jeopardy! Round:

Paul Suzy Terry
$6,800 $4,000 $12,100

[wagering suggestions for these scores]

Final Jeopardy! Round responses

U.S.A.
(Alex: Think of the countdown for the launches.)
SuzyWhat is 747?
$0
PaulWhat is 351
$0
TerryWhat is 813?
$2,000
321

Final scores:

Paul Suzy Terry
$6,800 $4,000 $10,100
2nd place: Trip to Fantasyland Hotel in the West Edmonton Mall, Edmonton, Alberta 3rd place: Samsung 28" Stereo TV New champion: $10,100

Game dynamics:

Coryat scores:

Paul Suzy Terry
$6,900 $4,000 $11,400
16 R
(including 1 DD),
3 W
14 R
(including 1 DD),
3 W
25 R
(including 1 DD),
1 W

Combined Coryat: $22,300

[game clues] [game scores] [suggest correction]

Game tape date: Unknown
The J! Archive is created by fans, for fans. Scraping, republication, monetization, and malicious use prohibited; this site may use cookies and collect identifying information. See terms. The Jeopardy! game show and all elements thereof, including but not limited to copyright and trademark thereto, are the property of Jeopardy Productions, Inc. and are protected under law. This website is not affiliated with, sponsored by, or operated by Jeopardy Productions, Inc. Join the discussion at JBoard.tv.